Senegalese players in European Big Five (2000-) - Statistics

General Stats
  • This quiz has been taken 46 times
  • The average score is 95 of 234
Answer Stats
Ranking Player Positions Nationality Matches Goals (assists) Periods Clubs % Correct
9 Sadio Mané MF, FW 288 118 (43) 2014-2023
100%
189 Alexis Mané MF 4 0 (0) 2016-2017
97%
1 Idrissa Gana Gueye MF 437 18 (17) 2010-2025
91%
75 Babacar Gueye FW 103 13 (12) 2003-2005, 2007-2008
89%
155 Babacar Guèye FW 14 1 (2) 2015-2016, 2019-2020
89%
31 Boulaye Dia MF, FW 188 58 (16) 2018-2025
89%
125 Cheikh Gueye DF 31 1 (1) 2007-2008
89%
28 Ismaila Sarr MF, FW 201 39 (26) 2016-2019, 2021-2022, 2023-2025
89%
40 Issiar Dia MF, FW 157 21 (11) 2006-2009, 2015-2017
89%
115 Lamine Gueye MF, FW 40 3 (5) 2020-2022
89%
186 Makhtar Gueye MF, FW 5 1 (1) 2018-2019
89%
198 Moussa Gueye FW 3 0 (0) 2014-2015
89%
53 Pape Gueye DF, MF 139 9 (5) 2020-2025
89%
91 Pape Sarr MF 71 7 (2) 2000-2005
89%
78 Aliou Cissé DF, MF 97 2 (1) 2000-2007
86%
33 Bouna Sarr DF, MF, FW 184 6 (12) 2014-2024
86%
38 Demba Ba FW 166 68 (8) 2008-2014
86%
163 Kor Sarr FW 11 1 (0) 2004-2005
86%
197 Mohamed Sarr DF, MF 3 0 (0) 2001-2002, 2010-2011
86%
208 Mouhamadou Sarr GK 2 0 (0) 2022-2023
86%
57 Pape Matar Sarr MF 136 10 (9) 2020-2025
86%
29 Papiss Cissé FW 192 74 (11) 2005-2006, 2007-2008, 2009-2016
86%
127 Sidy Sarr MF 31 0 (2) 2019-2021
86%
148 Abasse Ba DF 16 0 (0) 2008-2009
83%
103 Abdoulaye Ba DF 46 1 (0) 2014-2015, 2018-2019
83%
219 Ibrahim Cissé DF 1 0 (0) 2019-2020
83%
135 Issa Ba MF 24 0 (1) 2006-2009
83%
12 Kalidou Koulibaly DF 259 15 (5) 2014-2023
83%
156 Pape Abou Cissé DF 14 0 (0) 2020-2021
83%
66 Pathé Ciss DF, MF 127 8 (2) 2021-2025
83%
132 Saliou Ciss DF, MF 26 0 (0) 2013-2014, 2017-2018
83%
6 El Hadji Diouf MF, FW 297 46 (31) 2000-2011
80%
26 Mame Biram Diouf DF, MF, FW 211 53 (22) 2009-2018
80%
179 Dame Diouf DF 6 0 (0) 2002-2003
77%
54 Edouard Mendy GK 138 0 (0) 2018-2023
71%
11 Nampalys Mendy MF 262 2 (7) 2010-2011, 2013-2025
71%
117 Antoine Mendy DF 39 0 (1) 2022-2025
69%
136 Arial Mendy DF, FW 23 0 (0) 2021-2023
69%
143 Formose Mendy DF 18 0 (0) 2023-2024
69%
113 Frédéric Mendy MF, FW 40 3 (5) 2004-2006
69%
169 Jackson Mendy DF 9 0 (0) 2009-2010, 2011-2012
69%
13 Mamadou Niang FW 258 101 (29) 2000-2011
69%
5 M'Baye Niang MF, FW 302 65 (22) 2010-2024
69%
190 Mame Niang MF, FW 4 0 (0) 2007-2008
66%
151 Papa Amadou Diallo FW 16 2 (1) 2023-2024
66%
69 Abdou Diallo DF 123 4 (5) 2014-2015, 2016-2023
63%
142 Abdoulaye Diallo GK 18 0 (0) 2009-2010, 2011-2012, 2015-2016, 2017-2019
63%
153 Abdoulaye Sané FW 15 0 (1) 2012-2013
63%
213 Arona Sané MF, FW 1 0 (0) 2017-2018
63%
47 Habib Diallo FW 150 53 (9) 2016-2017, 2019-2023
63%
32 Henri Camara FW 185 53 (13) 2001-2009
63%
168 Ibou Sané MF, FW 9 1 (0) 2023-2024
63%
23 Lamine Sané DF, MF 225 9 (4) 2009-2018
63%
44 Mustapha Diallo MF, FW 151 14 (6) 2013-2019
63%
76 Nicolas Jackson FW 100 36 (14) 2021-2025
63%
193 Oumar Sané MF 4 0 (0) 2001-2002
63%
160 Pape Sané FW 13 1 (0) 2016-2017
63%
157 Sadibou Sané DF 14 0 (0) 2023-2024
63%
20 Salif Sané DF, MF 229 19 (3) 2010-2015, 2017-2021
63%
2 Souleymane Camara FW 423 62 (27) 2001-2006, 2009-2020
63%
175 Alcaly Camara DF 7 0 (0) 2002-2003
60%
8 Cheikhou Kouyaté DF, MF 291 15 (11) 2014-2024
60%
203 Demba Touré MF, FW 2 0 (0) 2002-2003
60%
37 Diomansy Kamara FW 167 28 (8) 2002-2005, 2007-2011
60%
98 Iliman Ndiaye MF, FW 64 12 (3) 2020-2021, 2023-2025
60%
101 Lamine Camara MF 60 3 (11) 2023-2025
60%
232 Papa Demba Camara GK 1 0 (0) 2011-2012
60%
147 Pape Abdou Camara MF 17 0 (0) 2011-2013
60%
96 Zargo Touré DF, MF 66 5 (0) 2009-2010, 2015-2017
60%
138 Abdoulaye Niakhate Ndiaye DF 22 1 (0) 2024-2025
57%
43 Alfred N'Diaye DF, MF 151 3 (3) 2008-2010, 2012-2013, 2015-2018
57%
60 Amath Ndiaye MF, FW 134 6 (7) 2017-2019, 2021-2025
57%
182 Babacar N'Diaye FW 5 1 (0) 2002-2003
57%
158 Badou Ndiaye MF 13 2 (1) 2017-2018
57%
183 Bassirou Ndiaye FW 5 0 (0) 2023-2024
57%
123 Bingourou Kamara GK 32 0 (0) 2017-2018, 2020-2021, 2022-2023
57%
196 Cheick N'Diaye GK 3 0 (0) 2008-2009, 2012-2013
57%
112 Deme N'Diaye MF, FW 40 2 (2) 2010-2011, 2014-2015
57%
159 Ismaïla N'Diaye MF 13 1 (1) 2008-2009, 2010-2011
57%
146 Leyti N'Diaye DF 17 0 (0) 2004-2005, 2007-2008, 2010-2012
57%
106 Makhtar N'Diaye MF 46 6 (4) 2000-2003
57%
164 Mamadou N'Diaye DF 11 0 (1) 2015-2017
57%
188 Mame N'Diaye DF, FW 5 0 (0) 2005-2006, 2009-2010
57%
191 Massamba Ndiaye GK 4 0 (0) 2023-2024
57%
109 Momar N'Diaye FW 44 5 (2) 2004-2005, 2007-2008
57%
58 Moussa N'Diaye MF, FW 135 21 (4) 2000-2002, 2004-2007
57%
107 Rassoul Ndiaye MF, FW 46 1 (0) 2023-2025
57%
49 Sylvain N'Diaye DF, MF 148 4 (3) 2000-2004, 2006-2007
57%
211 Abdoulaye Coulibaly GK 1 0 (0) 2008-2009
54%
74 Armand Traoré DF, MF 107 1 (4) 2007-2012, 2014-2015
54%
134 Mamadou Coulibaly MF 25 2 (0) 2016-2017, 2020-2021, 2023-2024
54%
195 Abdoulaye Khouma Keita DF 3 0 (0) 2005-2006
51%
81 Habib Diarra MF, FW 94 10 (8) 2021-2025
51%
120 Cheikh Tidiane Sabaly MF, FW 36 3 (1) 2020-2021, 2023-2024
49%
114 Ibrahima Baldé FW 40 10 (2) 2009-2010, 2011-2012
49%
16 Keita Baldé MF, FW 240 55 (19) 2013-2021, 2024-2025
49%
41 Lamine Diatta DF 155 7 (3) 2000-2008
49%
7 Youssouf Sabaly DF 293 4 (21) 2013-2025
49%
87 Diafra Sakho FW 77 20 (3) 2014-2019
46%
204 Doudou Diaw DF 2 0 (0) 2006-2007
46%
217 Elhadji Pape Diaw DF 1 0 (0) 2018-2019
46%
79 Krépin Diatta DF, MF, FW 96 6 (4) 2020-2025
46%
71 Lamine Sakho MF, FW 118 22 (4) 2000-2007
46%
95 Mory Diaw GK 67 0 (0) 2022-2024
46%
48 Salif Diao MF 148 2 (5) 2000-2005, 2008-2012
46%
110 Assane Diao MF, FW 43 11 (3) 2023-2025
43%
215 David Mbodj Mbaye DF 1 0 (0) 2012-2013
43%
52 Ibrahima Mbaye DF, MF 142 6 (5) 2013-2022
43%
73 Issa Cissokho DF 113 0 (7) 2013-2018
43%
187 Malick Mbaye MF, FW 5 0 (0) 2023-2024
43%
144 Mamadou Mbaye DF 18 0 (0) 2022-2024
43%
225 Maodo Malick Mbaye MF 1 0 (0) 2013-2014
43%
36 Papa Bouba Diop DF, MF 174 13 (5) 2001-2010
40%
116 Pape Malick Diop DF, MF 40 1 (0) 2000-2001, 2007-2008
40%
199 Abou Diop FW 2 0 (0) 2012-2013
37%
220 Khassimirou Diop MF 1 0 (0) 2006-2007
37%
229 Mustapha Papa Diop MF 1 0 (0) 2005-2006
37%
4 Papakouli Diop MF 321 12 (9) 2006-2007, 2009-2021
37%
88 Pape Cheikh Diop MF 74 1 (1) 2015-2020, 2022-2023
37%
209 Sérigné Diop FW 2 0 (0) 2024-2025
37%
3 Souleymane Diawara DF 332 14 (3) 2002-2015
37%
72 Alfred Gomis GK 117 0 (0) 2017-2022
34%
90 Baba Diawara FW 71 7 (3) 2011-2015
34%
84 Bamba Dieng MF, FW 89 18 (2) 2020-2025
34%
108 Demba Seck MF, FW 45 0 (0) 2021-2024
34%
133 Louis Gomis FW 25 2 (0) 2001-2002
34%
222 Lys Gomis GK 1 0 (0) 2013-2014
34%
223 Malick Seck FW 1 0 (0) 2014-2015
34%
89 Mamadou Seck DF 73 4 (4) 2002-2005
34%
68 Moussa Konaté FW 124 28 (6) 2013-2014, 2017-2021
34%
119 Moussa Koné MF, FW 38 11 (0) 2019-2021
34%
19 Moussa Niakhate DF 229 10 (5) 2017-2025
34%
170 Moussa Wagué DF, MF, FW 9 0 (2) 2018-2020
34%
126 Pape Thiaw FW 31 6 (1) 2003-2004, 2005-2006
34%
24 Rémi Gomis MF 220 8 (4) 2007-2016
34%
18 Abdoulaye Faye DF, MF 229 10 (2) 2002-2010, 2013-2014
31%
27 Amdy Faye DF, MF 205 4 (3) 2000-2006, 2008-2009
31%
202 Demba Thiam GK 2 0 (0) 2019-2020
31%
63 Ismail Jakobs DF, MF, FW 127 4 (8) 2019-2025
31%
154 Mame Baba Thiam MF, FW 15 1 (1) 2016-2017
31%
201 Cheikh Faye FW 2 0 (0) 2022-2023
29%
14 Habib Beye DF 247 7 (6) 2000-2001, 2002-2011
29%
82 Ibrahima Faye DF 93 1 (0) 2004-2007
29%
173 Maodomalick Faye FW 8 0 (0) 2006-2007, 2009-2010
29%
165 Mikayil Ngor Faye DF 11 0 (0) 2024-2025
29%
56 Moussa Sow MF, FW 136 43 (10) 2004-2012
29%
231 Omar Wade FW 1 0 (0) 2010-2011
29%
177 Seydou Sy GK 7 0 (0) 2016-2019
29%
152 Abdallah N'dour DF 15 0 (0) 2017-2020
26%
212 Ansou Sow MF 1 0 (0) 2020-2021
26%
61 Ferdinand Coly DF 131 4 (1) 2000-2003, 2005-2008
26%
80 Khalilou Fadiga MF 95 11 (16) 2000-2002, 2004-2006
26%
140 Noah Fadiga DF, MF 21 1 (0) 2022-2023
26%
45 Omar Daf DF 151 1 (0) 2001-2005, 2007-2008, 2010-2013
26%
97 Oumar Niasse MF, FW 65 12 (3) 2015-2020
26%
233 Pape Habib Sow DF, MF 1 0 (0) 2005-2006
26%
83 Cheikh N'Doye MF 92 14 (6) 2015-2016, 2018-2019
23%
149 Cheikh Tidiane Niasse MF, FW 16 0 (0) 2019-2020, 2021-2022, 2024-2025
23%
130 Dame N'Doye FW 26 6 (1) 2014-2016
23%
226 Mayoro N'Doye MF 1 0 (0) 2014-2015
23%
174 Ousmane N'Doye MF 8 2 (1) 2003-2004
23%
129 Racine Coly DF, MF, FW 27 1 (1) 2017-2021
23%
99 Ibrahima Sonko DF 62 1 (1) 2006-2010
20%
64 Lamine Gassama DF 127 1 (3) 2008-2016
20%
234 Sékou Gassama FW 1 0 (0) 2022-2023
20%
42 Tony Sylva GK 152 0 (0) 2001-2008
20%
178 Abou Lô DF, MF 6 0 (0) 2023-2024
17%
128 Adama Mbengue DF 30 0 (0) 2017-2019
17%
162 Amadou Mbengue DF, MF 12 0 (0) 2021-2022
17%
15 Cheikh M'Bengue DF 242 2 (7) 2007-2018
17%
55 Fallou Diagne DF, MF 137 8 (2) 2011-2018
17%
51 Fodé Ballo-Touré DF, MF 144 1 (7) 2017-2025
17%
92 Mamadou Sylla MF, FW 70 5 (1) 2015-2016, 2021-2022, 2023-2025
17%
150 Mbaye Diagne FW 16 3 (2) 2020-2021
17%
139 Modou Diagne DF 22 1 (0) 2016-2017
17%
10 Younousse Sankharé MF 265 28 (18) 2007-2009, 2011-2019
17%
121 Issa Soumaré MF, FW 36 5 (4) 2023-2025
14%
17 Mohamed Diamé MF 239 18 (5) 2009-2014, 2017-2019
14%
228 Moustapha Mbow DF 1 0 (0) 2021-2022
14%
194 Pape M'Bow DF, MF 4 0 (0) 2007-2008, 2009-2010
14%
210 Abdou Lahat Diakhate MF 1 0 (0) 2018-2019
11%
200 Baye Djiby Fall FW 2 0 (0) 2012-2013
11%
218 Fallou Fall DF 1 0 (0) 2022-2023
11%
39 Henri Saivet MF, FW 166 19 (11) 2007-2018
11%
34 Kader Mangane DF, MF 177 16 (2) 2007-2012, 2015-2016, 2017-2018
11%
35 Khouma Babacar FW 174 39 (9) 2009-2011, 2014-2020
11%
224 Mamadou Fall DF 1 0 (0) 2022-2023
11%
46 Pape Diakhaté DF 151 4 (3) 2005-2006, 2009-2014
11%
65 Pape Souaré DF 127 3 (2) 2010-2019
11%
67 Papy Djilobodji DF 125 5 (3) 2013-2019
11%
100 Abdallah Sima MF, FW 61 12 (3) 2022-2023, 2024-2025
9%
25 Boukary Dramé DF, MF 218 4 (13) 2005-2007, 2009-2018
9%
85 Dion Lopy MF 89 0 (1) 2020-2024
9%
21 Guirane N'Daw DF, MF 227 8 (6) 2002-2010, 2014-2015
9%
22 Jacques Faty DF 227 3 (1) 2002-2010, 2012-2013
9%
111 Joseph Lopy DF, MF 41 1 (1) 2011-2014
9%
180 Kara Mbodji DF 6 0 (0) 2018-2019
9%
206 Mamadou Kanouté MF, FW 2 0 (0) 2017-2018
9%
167 Papis M’Bodji FW 10 0 (0) 2002-2003, 2006-2008
9%
77 Ricardo Faty MF 99 4 (5) 2005-2009, 2012-2014
9%
59 Sada Thioub DF, MF, FW 135 6 (11) 2014-2015, 2018-2023
9%
70 Assane Dioussé MF 120 1 (0) 2015-2021, 2024-2025
6%
118 Famara Diedhiou MF, FW 39 8 (2) 2016-2017, 2023-2024
6%
86 Ibrahim Tall DF 78 0 (2) 2002-2004, 2008-2009
6%
30 Moustapha Bayal Sall DF 190 7 (2) 2006-2016
6%
50 Opa Nguette MF, FW 147 15 (8) 2012-2013, 2016-2017, 2019-2022
6%
104 Arouna Sangante DF 46 3 (0) 2023-2025
3%
62 Ibrahima Niane MF, FW 127 19 (3) 2017-2018, 2019-2022, 2024-2025
3%
205 Lemouya Goudiaby DF 2 0 (0) 2017-2018
3%
93 Mamadou Diabang FW 69 17 (3) 2002-2005
3%
94 Modou Sougou MF, FW 67 6 (8) 2012-2015
3%
137 Papa Waigo MF, FW 23 2 (1) 2007-2008, 2010-2011
3%
145 Rahmane Barry MF, FW 18 0 (0) 2003-2007
3%
105 Badara Sène MF 46 3 (1) 2005-2007, 2009-2010
0%
214 Boubacar Mansaly MF 1 0 (0) 2009-2010
0%
102 Dino Djiba MF 53 2 (0) 2003-2005, 2007-2008
0%
216 Djim Ngom FW 1 0 (0) 2005-2006
0%
184 Elhadji Dieye MF, FW 5 0 (0) 2021-2022
0%
166 Ibrahima Wadji MF, FW 10 0 (0) 2024-2025
0%
221 Lamine Diack MF 1 0 (0) 2023-2024
0%
185 Lhadji Badiane FW 5 0 (0) 2007-2008
0%
124 Mamadou Loum DF, MF 32 2 (0) 2021-2022
0%
207 Mamadou Tounkara FW 2 0 (0) 2013-2014, 2016-2017
0%
122 Massamba Sambou DF 35 5 (0) 2006-2009
0%
131 Mickaël Tavares MF 26 1 (1) 2008-2010
0%
181 Moussa Djitte FW 6 0 (0) 2022-2023
0%
227 Moussa Seydi FW 1 0 (0) 2016-2017
0%
230 N'Diaye Djiby MF 1 0 (0) 2012-2013
0%
192 Oumar Pouye MF 4 0 (0) 2007-2008
0%
171 Pape Daouda Diongue MF, FW 9 1 (0) 2024-2025
0%
176 Pape Maly Diamanka MF 7 0 (0) 2011-2012
0%
141 Sambou Soumano MF, FW 21 3 (0) 2021-2022
0%
161 Santy Ngom MF, FW 13 1 (0) 2017-2018
0%
172 Youssouph Badji MF, FW 9 0 (0) 2021-2022
0%
No matching quizzes found
Score Distribution
Percent of People with Each Score
Percentile by Number Answered
Your Score History
You have not taken this quiz